000 02414nam0a2200409 4500
001 RU\NLR\BIBL_A\012378198
005 20260405235404.0
010 _a9785870557878
_9500
021 _aRU
_b2020-37822
_9КН-П-2865
035 _a(RuMoRGB)010369794
035 _a(NLR Aleph) 012378198
090 _a11611763
_c11611763
100 _a20201015d2019 k y0rusy50 ca
101 0 _arus
102 _aRU
105 _aa|||z|||000zy
181 0 _ai
_baxxe
182 0 _an
200 1 _aРисунок русской набивной ткани
_dPattern of Russian national fabric
_eспецифика композиционного построения и трактовки изобразительных мотивов
_e[монография]
_fЕ. В. Морозова
_gМинистерство науки и высшего образования Российской Федерации, Федеральное государственное бюджетное образовательное учреждение высшего образования "Российский государственный университет им. А. Н. Косыгина (Технологии. Дизайн. Искусство)"
_zeng
203 _aТекст
_bвизуальный
_cнепосредственный
210 _aМосква
_cредакционно-издательский отдел РГУ им. А. Н. Косыгина
_d2019
215 _a193 с.
_cил.
_d20
300 _aАвт. также на англ. яз.: E. V. Morozova
320 _aБиблиогр.: с. 168-171 (67 назв.)
510 1 _6z20790
_aPattern of Russian national fabric
_zeng
606 _aХудожественные ткани русские
_91027415
_3RU\NLR\AUTH\6675911
606 _aОрнамент русский
_91237274
_3RU\NLR\AUTH\66505137
606 _aТкани
_xОрнамент
_92162297
_3RU\NLR\AUTH\661605821
686 1 _aМ305.04
686 1 _aЩ125.33(2Р=Рус)
686 1 _aЩ124.3(2Р=Рус)
700 1 _8rus
_7ca
_aМорозова
_bЕ. В.
_cканд. искусствоведения
_gЕкатерина Васильевна
_3RU\NLR\AUTH\77108994
_991919
790 1 _7ba
_8rus
_aMorozova
_bE. V.
_cканд. искусствоведения
_gEkaterina Vasil'evna
_9222147
_3RU\NLR\AUTH\770222203
942 _cBOOK
980 _aNBR